MARC details
| 000 -LEADER |
| fixed length control field |
00845nam a2200241Ia 4500 |
| 003 - CONTROL NUMBER IDENTIFIER |
| control field |
IN-BaIIA |
| 008 - FIXED-LENGTH DATA ELEMENTS--GENERAL INFORMATION |
| fixed length control field |
211028s9999 xx 000 0 eng d |
| 020 ## - INTERNATIONAL STANDARD BOOK NUMBER |
| International Standard Book Number |
1-56396-987-4 |
| 040 ## - CATALOGING SOURCE |
| Transcribing agency |
IIA Library |
| 080 ## - UNIVERSAL DECIMAL CLASSIFICATION NUMBER |
| Universal Decimal Classification number |
52 |
| Item number |
EXP |
| 100 ## - MAIN ENTRY--PERSONAL NAME |
| Personal name |
Chang, H.-Y. |
| 9 (RLIN) |
25083 |
| 111 ## - MAIN ENTRY--MEETING NAME |
| Meeting name or jurisdiction name as entry element |
KIAS Astrophysics Workshop |
| Number of part/section/meeting |
1st |
| Location of meeting |
Seoul, Korea |
| Date of meeting or treaty signing |
2000 May 24-27 |
| 9 (RLIN) |
25084 |
| 245 #0 - TITLE STATEMENT |
| Title |
Explosive phenomena in astrophysical compact objects |
| Remainder of title |
first KIAS astrophysics workshop held in Seoul, Korea, May 24-27, 2000 |
| Statement of responsibility, etc. |
H.-Y. Chang |
| 260 ## - PUBLICATION, DISTRIBUTION, ETC. |
| Place of publication, distribution, etc. |
Melville |
| Name of publisher, distributor, etc. |
American Institute of Physics |
| Date of publication, distribution, etc. |
2000 |
| 300 ## - PHYSICAL DESCRIPTION |
| Extent |
ixv, 404p. |
| 490 ## - SERIES STATEMENT |
| Series statement |
AIP conference proceedings; v. 556 |
| 650 ## - SUBJECT ADDED ENTRY--TOPICAL TERM |
| Topical term or geographic name entry element |
Astrophysics |
| 9 (RLIN) |
794 |
| 650 ## - SUBJECT ADDED ENTRY--TOPICAL TERM |
| Topical term or geographic name entry element |
Black holes |
| 9 (RLIN) |
7728 |
| 650 ## - SUBJECT ADDED ENTRY--TOPICAL TERM |
| Topical term or geographic name entry element |
Gamma-ray bursts |
| 9 (RLIN) |
10403 |
| 650 ## - SUBJECT ADDED ENTRY--TOPICAL TERM |
| Topical term or geographic name entry element |
Magnetohdrodynamics |
| 9 (RLIN) |
25085 |
| 650 ## - SUBJECT ADDED ENTRY--TOPICAL TERM |
| Topical term or geographic name entry element |
Relativistic- astrophysics |
| 9 (RLIN) |
6801 |
| 942 ## - ADDED ENTRY ELEMENTS (KOHA) |
| Koha item type |
Books |